00331nam a22001217a 4500020001800000040000900018082001700027100001500044245003300059250001600092260006800108650003300176 a9780070494572 cNUST a621.4023 GAN aGanesan, V aInternal Combustion Engines  a2th Edition aNew Delhi:bTata McGraw-Hill Publishing Company Limited,c2003. aInternal Combustion Engines